Which City is in...? - U.S. Edition - Statistics

General Stats
  • This quiz has been taken 181 times
  • The average score is 67 of 80
Answer Stats
Question Tile Select % Correct
cities in Texas Houston Yes
99%
cities in Texas Phoenix No
99%
cities in Texas Jacksonville No
98%
cities in Texas Albuqerque No
97%
cities in California Austin No
97%
cities in Texas Chattanooga No
97%
cities in Texas Dallas Yes
97%
cities in Texas Fort Worth Yes
97%
cities in Illinois Memphis No
97%
cities in Illinois Minneapolis No
97%
cities in Illinois Nashville No
97%
cities in Texas San Jose No
97%
cities in Texas Shreveport No
97%
cities in Texas Wichita No
97%
cities in Florida Chesapeake No
96%
cities in Illinois Des Moines No
96%
cities in Illinois Louisville No
96%
cities in Illinois Milwaukee No
96%
cities in California Sacramento Yes
96%
cities in California Salem No
96%
cities in California Salt Lake City No
96%
cities in Texas San Antonio Yes
96%
cities in Florida Atlanta No
95%
cities in California Los Angeles Yes
95%
cities in Florida Miami Yes
95%
cities in New York Boston No
94%
cities in Florida Orlando Yes
94%
cities in New York Philadelphia No
94%
cities in New York Pittsburgh No
94%
cities in California San Diego Yes
94%
cities in Illinois St. Louis No
94%
cities in Florida Tampa Yes
94%
cities in California Tucson No
94%
cities in New York Toledo No
93%
cities in Illinois Chicago Yes
92%
cities in Florida Gadsden No
92%
cities in Florida Huntington No
92%
cities in California Newark No
92%
cities in New York Albany Yes
91%
cities in New York Allentown No
91%
cities in New York Jersey City No
91%
cities in New York New Haven No
91%
cities in Illinois Springfield Yes
91%
cities in Texas Corpus Christi Yes
89%
cities in Florida Gulfport No
89%
cities in Illinois Lincoln No
89%
cities in California San Bernardino Yes
89%
cities in New York Newark No
88%
cities in California San Jose Yes
88%
cities in Florida Jackson No
86%
cities in New York Rochester Yes
86%
cities in Texas Fort Wayne No
84%
cities in California Riverside Yes
84%
cities in Illinois Davenport No
83%
cities in California Bakersfield Yes
82%
cities in Florida Mytrle Beach No
82%
cities in New York Worcester No
82%
cities in New York Manhattan Yes
81%
cities in New York Bronx Yes
80%
cities in New York Brooklyn Yes
79%
cities in Texas Lubbock Yes
79%
cities in Texas Arlington Yes
77%
cities in Florida Cape Coral Yes
76%
cities in California Modesto Yes
76%
cities in Illinois Rockford Yes
74%
cities in Illinois Peoria Yes
73%
cities in New York Utica Yes
72%
cities in California Chula Vista Yes
70%
cities in Florida Gainesville Yes
69%
cities in Florida Port Saint Lucie Yes
64%
cities in Texas Killeen Yes
58%
cities in California Vallejo Yes
57%
cities in Florida Ocala Yes
56%
cities in Florida Hialeah Yes
53%
cities in Florida Vero Beach Yes
50%
cities in Illinois Bloomington Yes
43%
cities in Illinois Kankakee Yes
36%
cities in California Visalia Yes
35%
cities in New York Levittown Yes
26%
cities in Illinois Cape Girardeau Yes
13%
No matching quizzes found
Score Distribution
Percent of People with Each Score
Percentile by Number Answered
Your Score History
You have not taken this quiz